| 000 | 00622cam a2200145 4500500 | ||
|---|---|---|---|
| 005 | 20251228073632.0 | ||
| 041 | _afre | ||
| 042 | _adc | ||
| 100 | 1 | 0 |
_aSiebert, Gérard _eauthor |
| 245 | 0 | 0 | _aBöttger Burkhardt éd., Die kaiserzeitlichen Lampen vom Kerameikos (DAI, Kerameikos, Ergebnisse der Ausgrabungen), Munich, Hirmer, 2002, 1 vol. 24,5 × 31, IX + 342 p., 12 fig. ds t., 94 pl. h.t. |
| 260 | _c2004. | ||
| 500 | _a14 | ||
| 786 | 0 | _nRevue archéologique | 38 | 2 | 2004-09-01 | p. 419o-441o | 0035-0737 | |
| 856 | 4 | 1 | _uhttps://shs.cairn.info/revue-archeologique-2004-2-page-419o?lang=fr&redirect-ssocas=7080 |
| 999 |
_c1595598 _d1595598 |
||